000 01288nam0a22002771 4500
001 rc\4767541
005 20260408044412.0
035 _a(NLR Aleph) 008999724
090 _a9299303
_c9299303
100 _a20130417d1960 |||y0rusy50 ca
101 0 _arus
102 _aRU
105 _ay z |||||
200 1 _aОтчет о работе Конференции Международной электротехнической комиссии. (ФРГ)
_fГос. науч.-техн. ком. Совета Министров СССР. Акад. наук СССР. Всесоюз. ин-т науч. и техн. информации
210 _aМосква
_cБ. и.
_d1960
215 _a20 с.
_d29
300 _aНа обл. загл.: Отчет о командировке в ФРГ
300 _aОтпеч. множит. аппаратом
333 _aРассылается по списку. Экз. № 9
512 0 _aОтчет о командировке в ФРГ
710 0 2 _aМеждународная электротехническая комиссия
_bКонференция комитетов
_eУльм
_f1959
_9275504
_3RU\NLR\AUTH\8810192747
801 0 _aRU
_bNLR
_gpsbo
801 1 _aRU
_bELAR
_2rusmarc
852 _aNLR
_j60-8/3240
942 _cBOOK
980 _aNB